[Event "Clark Harmon Memorial 8th"]
[Site "Seattle"]
[Date "2014.05.04"]
[Round "5"]
[White "Cherepakhin, Olga"]
[Black "Anthony, Ralph J"]
[Result "1-0"]
[WhiteElo "1767"]
[BlackElo "1671"]
[PlyCount "47"]
[EventDate "2014.05.03"]
[EventType "swiss"]
[EventRounds "5"]
[EventCountry "USA"]
[SourceTitle "EXT 2017"]
[Source "ChessBase"]
[SourceDate "2016.10.25"]
[SourceVersion "1"]
[SourceVersionDate "2016.10.25"]
[SourceQuality "1"]

1. e4 d6 2. d4 Nf6 3. Nc3 g6 4. f4 Bg7 5. Nf3 c5 6. Bb5+ Bd7 7. Bxd7+ Nbxd7 8. 0-0 cxd4 9. Nxd4 0-0 10. Kh1 Rc8 11. f5 Ne5 12. Qe1 Qb6 13. Nf3 Nc4 14. fxg6 hxg6 15. Rb1 Qc5 16. Ng5 Nh7 17. Nxh7 Kxh7 18. Nd5 Bf6 19. Rxf6 exf6 20. Qh4+ Kg8 21. Nxf6+ Kg7 22. Bh6+ Kh8 23. Bg5+ Kg7 24. Qh7# 1-0